000 00647nam a2200241 a 4500
001 nice12345678
003 IN_TiNIC
005 20260116014456.0
008 070502s2006 newa grp 000 0 eng
020 _a8190227270
_c495
082 0 0 _a954
_bVEN
100 _aVenkaachalapathy, A R
245 _aIn Those Days There Was No Coffee
_b Writings in Cultural History
260 _aNew Delhi
_bYoda Press
_c2006
300 _a199p
500 _aincludes index and biblioraphy
505 2 _abiblio, index
650 _aIndia-Cultural History
700 1 _aVenkaachalapathy, A R
902 _bSRS
942 _cBK
999 _c15518
_d15518